Entry Personal Name
Number of records used in: 1
001 - CONTROL NUMBER
003 - CONTROL NUMBER IDENTIFIER
005 - DATE AND TIME OF LATEST TRANSACTION
- control field:
20220702105657.0
008 - FIXED-LENGTH DATA ELEMENTS
- fixed length control field:
890807n| azannaabn |a aaa c
010 ## - LIBRARY OF CONGRESS CONTROL NUMBER
- LC control number:
n 89644179
035 ## - SYSTEM CONTROL NUMBER
- System control number:
(OCoLC)oca02575968
040 ## - CATALOGING SOURCE
- Original cataloging agency:
ICU
- Language of cataloging:
eng
- Description conventions:
rda
- Transcribing agency:
ICU
- Modifying agency:
OCoLC
- Modifying agency:
DLC
- Modifying agency:
StEdNL
046 ## - SPECIAL CODED DATES
- Birth date:
18680826
- Death date:
19380418
100 1# - HEADING--PERSONAL NAME
- Personal name:
Dunn, S. T.
- Fuller form of name:
(Stephen Troyte),
- Dates associated with a name:
1868-1938
370 ## - ASSOCIATED PLACE
- Associated country:
Great Britain
- Source of term:
naf
373 ## - ASSOCIATED GROUP
- Associated group:
Royal Botanic Gardens, Kew. Herbarium
- Source of term:
naf
374 ## - OCCUPATION
- Occupation:
Botanists
- Source of term:
lcsh
375 ## - GENDER
377 ## - ASSOCIATED LANGUAGE
378 ## - FULLER FORM OF PERSONAL NAME
- Fuller form of personal name:
Stephen Troyte
400 1# - SEE FROM TRACING--PERSONAL NAME
- Control subfield:
nnea
- Personal name:
Dunn, S. T.
- Fuller form of name:
(Stephen Troyte),
- Dates associated with a name:
b. 1868
400 1# - SEE FROM TRACING--PERSONAL NAME
- Personal name:
Dunn, Stephen Troyte,
- Dates associated with a name:
1868-1938
670 ## - SOURCE DATA FOUND
- Source citation:
LC data base, 8/2/89
- Information found:
(hdg.: Dunn, Stephen Troyte, 1868- ; usage: S.T. Dunn)
670 ## - SOURCE DATA FOUND
- Source citation:
OCLC data base, 7/19/91
- Information found:
(hdgs.: Dunn, S. T. (Stephen Troyte), b. 1868; Dunn, Stephen Troyte, 1868-1938; usage: S.T. Dunn; Stephen Troyte Dunn)
670 ## - SOURCE DATA FOUND
- Source citation:
Dictionary of British and Irish Botantists and Horticulturalists, 1994:
- Information found:
p. 222 (Dunn, Stephen Troyte; b. 26 Aug., 1868; d. Sheen, Surrey, 18 Apr., 1938; Private Secretary to Sir W. Thiselton-Dyer at Kew 1898-1901; Assistant, Kew Herb. 1901-3; Superintendent, Botany and Forestry Dept., Hong Kong 1903-10; Official guide, Kew 1913-15; Assistant, Kew Herb. 1919-28)